Statistics for The Oldest Republics

Click here to take the quiz!

General Stats

  • This quiz has been taken 39 times
  • The average score is 7 of 10

Answer Stats

YearCountry% Correct
1783United States
100%
1816Argentina
81%
1818Chile
81%
1819Colombia
78%
301San Marino
76%
1819Venezuela
68%
1811Paraguay
65%
1822Ecuador
62%
1648Switzerland
57%
1819Panama
46%

Score Distribution

Percentile by Number Answered

Percent of People with Each Score

Your Score History

You have not taken this quiz